Welcome to WEB OPAC of MRSPTU Central Library

Textbook of Agricultural Heritage (Record no. 10448)

MARC details
000 -LEADER
fixed length control field 00429nam a22001817a 4500
003 - CONTROL NUMBER IDENTIFIER
control field OSt
005 - DATE AND TIME OF LATEST TRANSACTION
control field 20241106101250.0
008 - FIXED-LENGTH DATA ELEMENTS--GENERAL INFORMATION
fixed length control field 241106b |||||||| |||| 00| 0 eng d
040 ## - CATALOGING SOURCE
Transcribing agency MRSPTU
041 ## - LANGUAGE CODE
Language code of text/sound track or separate title ENG
082 ## - DEWEY DECIMAL CLASSIFICATION NUMBER
Classification number 630
Item number GI-T
100 ## - MAIN ENTRY--PERSONAL NAME
Personal name Giri, Utpal
245 ## - TITLE STATEMENT
Title Textbook of Agricultural Heritage
260 ## - PUBLICATION, DISTRIBUTION, ETC.
Place of publication, distribution, etc. New Delhi
Name of publisher, distributor, etc. Scientific Pub.
Date of publication, distribution, etc. 2020
300 ## - PHYSICAL DESCRIPTION
Extent 182
650 ## - SUBJECT ADDED ENTRY--TOPICAL TERM
Topical term or geographic name entry element Agriculture
942 ## - ADDED ENTRY ELEMENTS (KOHA)
Source of classification or shelving scheme Dewey Decimal Classification
Koha item type Book
Suppress in OPAC No
Holdings
Withdrawn status Lost status Source of classification or shelving scheme Damaged status Not for loan Home library Current library Date acquired Total checkouts Full call number Barcode Date last seen Price effective from Koha item type Date last checked out
    Dewey Decimal Classification     MRSPTU Central Library MRSPTU Central Library 11/06/2024   630 GI-T 41836 11/06/2024 11/06/2024 Book  
    Dewey Decimal Classification     MRSPTU Central Library MRSPTU Central Library 11/06/2024   630 GI-T 41837 11/06/2024 11/06/2024 Book  
    Dewey Decimal Classification     MRSPTU Central Library MRSPTU Central Library 11/06/2024   630 GI-T 41838 11/06/2024 11/06/2024 Book  
    Dewey Decimal Classification     MRSPTU Central Library MRSPTU Central Library 11/06/2024   630 GI-T 41839 11/06/2024 11/06/2024 Book  
    Dewey Decimal Classification     MRSPTU Central Library MRSPTU Central Library 11/06/2024   630 GI-T 41840 11/06/2024 11/06/2024 Book  
    Dewey Decimal Classification     MRSPTU Central Library MRSPTU Central Library 11/06/2024   630 GI-T 41841 11/06/2024 11/06/2024 Book  
    Dewey Decimal Classification     MRSPTU Central Library MRSPTU Central Library 11/06/2024 1 630 GI-T 41842 12/26/2024 11/06/2024 Book 12/19/2024
    Dewey Decimal Classification     MRSPTU Central Library MRSPTU Central Library 11/06/2024   630 GI-T 41843 11/06/2024 11/06/2024 Book  

Website Designed and Developed by MRSPTU Central Library Team

E-mail Id: librarian@mrsptu.ac.in